000 00544pab a2200193 454500
008 180718b2009 xxu||||| |||| 00| 0 eng d
100 _aSthapit, Arhan
245 _aManagement of sales promotion in Nepal: a perspective on construction - material market
260 _c2009
300 _ap.1-21.
362 _aAug
650 _aNepal - Construction industries
650 _aMarketing - Nepal
650 _aMarketing
700 _aBajracharya, Prabin
773 _aAdministration and Management Review
908 _aN
909 _a85594
999 _c85594
_d85594